| 000 | 00688nam a2200241Ia 4500 | ||
|---|---|---|---|
| 003 | OSt | ||
| 005 | 20220918212643.0 | ||
| 006 | a|||||r|||| 00| 0 | ||
| 007 | ta | ||
| 008 | 220917b |||||||| |||| 00| 0 eng d | ||
| 024 | _a129,626 | ||
| 037 | _cTextual | ||
| 040 |
_aARTS _cARTS _beng |
||
| 041 |
_2eng _aeng |
||
| 082 | _aX.273.L-G, L8-;2 | ||
| 100 | _aSarkar Jagdish Narayan | ||
| 245 | 0 |
_aGlimpses of medieval Bihar economy _b 13th of mid 18th century |
|
| 260 |
_aCalcutta _bRatna Prakashan India _c1978 |
||
| 300 |
_axiii, 159p. _ccm. |
||
| 650 | _aECONOMICS | ||
| 942 |
_hX.273.L-G, L8-;2 _cTEXL _2CC |
||
| 999 |
_c252753 _d252753 |
||